Základné dopady na ekonomiku SR po vstupe do eurozóny bakalárska práca

Na minha lista:
Detalhes bibliográficos
Autor principal: Zvonček, Vladimír
Autor Corporativo: Národohospodárska fakulta EU. Katedra hospodárskej politiky
Outros Autores: Lábaj, Martin, 1982-
Formato: Livro
Idioma:eslovaco
Publicado em: Bratislava 2011
Tags: Adicionar Tag
Sem tags, seja o primeiro a adicionar uma tag!

MARC

LEADER 00000nam a2200000 4500
001 0151305
005 20240320072234.3
041 0 |a slo 
044 |a SK 
245 1 0 |a Základné dopady na ekonomiku SR po vstupe do eurozóny  |b bakalárska práca  |c Vladimír Zvonček ; školiteľ: Martin Lábaj 
264 1 |a Bratislava  |c 2011 
300 |a 54 s. 
100 1 |a Zvonček, Vladimír 
700 1 |a Lábaj, Martin, 1982- 
710 2 |a Národohospodárska fakulta EU. Katedra hospodárskej politiky